Analýza kľúčových slov s využitím viacrozmerných štatistických metód dizertačná práca
Na minha lista:
| Autor principal: | |
|---|---|
| Autor Corporativo: | |
| Outros Autores: | |
| Formato: | Livro |
| Idioma: | eslovaco |
| Publicado em: |
Bratislava
2021
|
| Assuntos: | |
| Tags: |
Sem tags, seja o primeiro a adicionar uma tag!
|
MARC
| LEADER | 00000nbm a2200000 4500 | ||
|---|---|---|---|
| 001 | 0278248 | ||
| 005 | 20230302101754.0 | ||
| 041 | 0 | |a slo | |
| 044 | |a SK | ||
| 245 | 1 | 0 | |a Analýza kľúčových slov s využitím viacrozmerných štatistických metód |b dizertačná práca |c Dominika Krasňanská ; školiteľ: Mária Vojtková |
| 264 | 1 | |a Bratislava |c 2021 | |
| 300 | |a 129 s. | ||
| 610 | 2 | 0 | |a slovotvorba |
| 610 | 2 | 0 | |a analýzy |
| 610 | 2 | 0 | |a metódy štatistické |
| 610 | 2 | 0 | |a marketing |
| 610 | 2 | 0 | |a stránky webové |
| 610 | 2 | 0 | |a jazyky programovacie |
| 100 | 1 | |a Krasňanská, Dominika, 1993- | |
| 700 | 1 | |a Vojtková, Mária, 1966- | |
| 710 | 2 | |a Fakulta hospodárskej informatiky EU. Katedra štatistiky | |